Escuelas de los Glosadores, Canonistas y 'Post-Glosadores'. Revelación del pensamiento jurídico de origen medieval que le dio una nueva dimensión al estudio del Derecho romano clásico y que contribuyó a la formación de un Derecho común (siglos XI a XV d.C)
Сохранить в:
| Главный автор: | |
|---|---|
| Формат: | |
| Язык: | испанский |
| Опубликовано: |
Bogotá, D.C, Colombia:
Pontificia Universidad Javeriana; Facultad de Ciencias Jurídicas,
1996.
|
| Редактирование: | 1a. Edición. |
| Серии: | Ciencias Jurídicas. Colección Ensayos, 3.
|
| Предметы: | |
| Метки: |
Добавить метку
Нет меток, Требуется 1-ая метка записи!
|
MARC
| LEADER | 00000nam a2200000 a 4500 | ||
|---|---|---|---|
| 001 | UCS3963 | ||
| 003 | CL-VaPUC | ||
| 005 | 20220822114331.0 | ||
| 008 | 970718e19960000CK |||||||||||||||||spa|d | ||
| 999 | |c 261413 |d 261411 | ||
| 020 | |a 958-9502-00-8 | ||
| 040 | |c Pontificia Universidad Católica de Valparaíso | ||
| 082 | 0 | 4 | |a 340.55 JAR 1996 |2 21 |
| 100 | |a Jaramillo J., Carlos Ignacio |e autor |9 533183 | ||
| 245 | 1 | 0 | |a Escuelas de los Glosadores, Canonistas y 'Post-Glosadores'. |b Revelación del pensamiento jurídico de origen medieval que le dio una nueva dimensión al estudio del Derecho romano clásico y que contribuyó a la formación de un Derecho común (siglos XI a XV d.C) |
| 250 | |a 1a. Edición. | ||
| 260 | |a Bogotá, D.C, Colombia: |b Pontificia Universidad Javeriana; |b Facultad de Ciencias Jurídicas, |c 1996. | ||
| 300 | |a 391 páginas. | ||
| 490 | 0 | |a Ciencias Jurídicas. Colección Ensayos, 3. | |
| 500 | |a c.2 Donación Familia Prof. Alejandro Guzmán Brito. | ||
| 583 | |a last modification |c 19970718 00:00:00 |k Rodrigo Vera | ||
| 650 | 7 | |a Derecho |2 CL-VaPUC |9 390146 | |
| 650 | 0 | |a Derecho medieval |9 314261 |x Historia | |
| 650 | 0 | |a Historia del derecho |9 255109 | |
| 650 | 0 | |a Derecho romano |9 255930 | |
| 942 | |c BK |2 ddc |n 0 | ||
| 945 | |d 19970718 00:00:00 |a jquezada | ||
| 952 | |0 0 |1 0 |4 0 |6 340_550000000000000_JAR_1996 |7 0 |8 A |9 288831 |a BIBDER |b BIBDER |d 2019-11-19 |i 3321371 |l 1 |o 340.55 JAR 1996 |p 3321371 |r 2025-04-21 |s 2025-04-10 |w 2019-11-19 |y BK |k DER | ||